| 000 | 00504nam a22001817a 4500 | ||
|---|---|---|---|
| 999 |
_c1944 _d1944 |
||
| 003 | URS | ||
| 005 | 20220114141923.0 | ||
| 008 | 190527s1961 ph |||| |||| 00| 0 eng d | ||
| 020 | _a9716711090 | ||
| 040 |
_cURS _beng _drda |
||
| 050 | 1 | 4 |
_aLB 2955 _b.G821 1961 |
| 100 | _aGregorio, Herman C. | ||
| 245 | 1 | 0 |
_aSchool administration and supervision _cHerman C. Gregorio |
| 264 |
_aQuezon City: _bGarotech Publishing; _c[1961] |
||
| 300 |
_axiv 550 pages _c22 cm |
||
| 504 | _aIncludes Index | ||
| 942 |
_2lcc _cF |
||